| 000 | 00484nam a22001697a 4500 | ||
|---|---|---|---|
| 003 | CEME | ||
| 005 | 20210628205224.0 | ||
| 008 | 210216b xxu||||| |||| 00| 0 eng d | ||
| 040 | _c. | ||
| 082 | _a005.3 FUL'B | ||
| 100 |
_aFulton, J Kraynak, J Kinkoph, S _974454 |
||
| 245 | _aThe big basics book of microsoft office 97 easy illustrated lesson | ||
| 260 |
_aNEWDELHI _bQUE PRENTICE HALL _c1998 |
||
| 300 | _aXVI, 590P | ||
| 650 |
_aMICROSOFT OFFICE 97 _974455 |
||
| 942 |
_cBK _2ddc |
||
| 999 |
_c579980 _d579980 |
||